000 00327nam a2200157Ia 4500
100 _aTaylor/Paul D
250 _a2
020 _a`
942 _cRB
654 _athyristor
245 _aThyristor design and realization
260 _bJohn Wiley
_c1986
082 _a621.3815287
_bTAY
300 _a219
546 _aENGLISH
999 _c34004
_d34004